1950 1024 1164 1049 1517 1501 1757 1609 1840 1412 1122 1480 1871 1020 1662 1409 1088 1070 1095 1005 1518 1755 1031 1520 1897 1079 1557 1512 1808 1045 1458 1081 1888 1800 1272 1596 1311 1063 1714 1213 1516 1631 1854 1501 1676 1131 2000 1681 1364 1871 1286 1425 1818 1941 1072 1142 1448 1661 1917 1962 1708 1727 1305 1595 1889 1305 1933 1773 1220 1281 1867 1882 1197 1615 1705 1706 1671 1119 1841 1645 1180 1904 1681 1863 1388 1193 1567 1570 1618 1879 1763 1735 1017 1409 1569 1586 1004 1863 1165 BCNSPRNW ULIB Ver.6.0+V

เปลี่ยนเป็นภาษาไทย

Change to English
 แสดงรายละเอียดบรรณานุกรม
  กลับหน้าหลัก

Brief Record : Get Marc (ISO 2709) : E-mail record : QR code < ปิดหน้าต่าง
LEADER : 00000nam 2200000uu 4500
001    13399123876
003     ULIB
008    141212s2555||||th 000 0 tha d
020    ^a9786165051484
050  4 ^aCB195^bส747อ ล.1
110 2  ^aมหาวิทยาลัยสุโขทัยธรรมาธิราช.^bสาขาวิชาศิลปศาสตร์
245 10 ^aเอกสารการสอนชุดวิชาอารยธรรมมนุษย์ =^bHuman civilizationหน่วยที่1-5 /^cสาขาวิชาศิลปศาสตร์มหาวิทยาลัยสุโขทัยธรรมาธิราช
246 30 ^aอารยธรรมมนุษย์
250    พิมพ์ครั้งที่ 6(ฉบับปรับปรุงครั้งที่3)
260    ^aนนทบุรี :^bสาขาวิชาศิลปศาสตร์ มหาวิทยาลัยสุโขทัยธรรมาธิราช,^c2555
300    ^a259 หน้า :^bภาพประกอบ, แผนที่
505 0  ^aล.1 หน่วยที่ 1-5
650  7 ^aประวัติศาสตร์โลก
650  7 ^aอารยธรรม
945    ^p250^l0^i22469
945    ^p250^l0^i22470
945    ^p250^l0^i22471
945    ^p250^l0^i22472
945    ^p250^l0^i22473
945    ^p250^l0^i22474
945    ^p250^l0^i22475
945    ^p250^l0^i22476
999    ^aทศพร เกษรทอง
รายการนี้ยังไม่มีแท็ก
คุณยังไม่ได้ล็อกอิน คุณสามารถมีกิจกรรมร่วมกับเว็บไซต์ได้ แต่ต้องล็อกอินก่อน ::
  ล็อกอิน

รายการสื่อสารสนเทศ

ลำดับที่ ประเภท เลขเรียก/บาร์โค้ด สถานที่ สถานะ
1. การศึกษาทั่วไป
หนังสือสำรอง
สถานะ=หนังสือสำรอง
CB195 ส747อ ล.1 ฉ.1 
  Barcode: 22469
ห้องสมุดวิทยาเขตนครสวรรค์
►ส่วนจัดเก็บหนังสือเก่า นว.
บนชั้น
  ขอยืม
2. การศึกษาทั่วไป
การศึกษาทั่วไป
CB195 ส747อ ล.1 ฉ.2 
  Barcode: 22470
ห้องสมุดวิทยาเขตนครสวรรค์
►ส่วนจัดเก็บหนังสือเก่า นว.
บนชั้น
  ขอยืม
3. การศึกษาทั่วไป
การศึกษาทั่วไป
CB195 ส747อ ล.1 ฉ.3 
  Barcode: 22471
ห้องสมุดวิทยาเขตนครสวรรค์
►ส่วนจัดเก็บหนังสือเก่า นว.
บนชั้น
  ขอยืม
4. การศึกษาทั่วไป
การศึกษาทั่วไป
CB195 ส747อ ล.1 ฉ.4 
  Barcode: 22472
ห้องสมุดวิทยาเขตนครสวรรค์
►ส่วนจัดเก็บหนังสือเก่า นว.
บนชั้น
  ขอยืม
5. การศึกษาทั่วไป
การศึกษาทั่วไป
CB195 ส747อ ล.1 ฉ.5 
  Barcode: 22473
ห้องสมุดวิทยาเขตนครสวรรค์
►ส่วนจัดเก็บหนังสือเก่า นว.
บนชั้น
  ขอยืม
6. การศึกษาทั่วไป
การศึกษาทั่วไป
CB195 ส747อ ล.1 ฉ.6 
  Barcode: 22474
ห้องสมุดวิทยาเขตนครสวรรค์
►ส่วนจัดเก็บหนังสือเก่า นว.
บนชั้น
  ขอยืม
7. การศึกษาทั่วไป
การศึกษาทั่วไป
CB195 ส747อ ล.1 ฉ.7 
  Barcode: 22475
ห้องสมุดวิทยาเขตนครสวรรค์
►ส่วนจัดเก็บหนังสือเก่า นว.
บนชั้น
  ขอยืม
8. การศึกษาทั่วไป
การศึกษาทั่วไป
CB195 ส747อ ล.1 ฉ.8 
  Barcode: 22476
ห้องสมุดวิทยาเขตนครสวรรค์
►ส่วนจัดเก็บหนังสือเก่า นว.
บนชั้น
  ขอยืม

รายการใกล้เคียง
    หัวเรื่อง [ประวัติศาสตร์โลก]
    หัวเรื่อง [อารยธรรม]

BibComment


ยังไม่เคยถูกคอมเมนท์

คอมเมนท์ทรัพยากรรายการนี้
  คอมเมนท์: เอกสารการสอนชุดว..


 Copyright 2026. Bcnsprnw @Library